[Event "Schachfestival 2014 - Senioren"]
[Site "Woerishofen Bad"]
[Date "2014.03.25"]
[Round "5.45"]
[White "Weber, Gerhard"]
[Black "Schweitzer, Paul"]
[Result "1/2-1/2"]
[WhiteElo "1880"]
[BlackElo "1696"]
[PlyCount "62"]
[EventDate "2014.03.21"]
[EventType "swiss"]
[EventCountry "GER"]
[WhiteTeam "Schachclub Bayer Leverkusen e.V."]
[BlackTeam "SV Königsjäger Süd-West e.V."]
[WhiteTeamCountry "GER"]
[BlackTeamCountry "GER"]

1. e4 b6 2. d4 e6 3. Bd3 g6 4. c4 Bb7 5. Nc3 Bg7 6. Be3 Ne7 7. Nge2 O-O 8. Qd2
d5 9. cxd5 exd5 10. e5 c5 11. Bh6 cxd4 12. Nxd4 Ba6 13. Bxg7 Kxg7 14. Bxa6 Nxa6
15. O-O Nc5 16. f4 Ne4 17. Nxe4 dxe4 18. f5 Nxf5 19. Nxf5+ gxf5 20. Qf4 f6 21.
Rad1 Qe7 22. Qxf5 fxe5 23. Qg4+ Kh8 24. Rxf8+ Rxf8 25. Qxe4 Qc5+ 26. Kh1 Qe7
27. Re1 h6 28. h3 Re8 29. g3 Kg7 30. Rd1 Qe6 31. g4 Re7 1/2-1/2

[Event "Schachfestival 2014 - Senioren"]
[Site "Woerishofen Bad"]
[Date "2014.03.25"]
[Round "5.17"]
[White "Engbrecht, Helmut"]
[Black "Schaberg, Wolfgang"]
[Result "1-0"]
[WhiteElo "2037"]
[BlackElo "1884"]
[PlyCount "89"]
[EventDate "2014.03.21"]
[EventType "swiss"]
[EventCountry "GER"]
[WhiteTeam "SV Schorndorf"]
[BlackTeam "Scacchi Franciacorta"]
[WhiteTeamCountry "GER"]
[BlackTeamCountry "ITA"]

1. e4 d6 2. Nc3 Nf6 3. Bc4 g6 4. d4 Bg7 5. Nge2 c6 6. Bb3 b5 7. a3 O-O 8. f3
Nbd7 9. Be3 a6 10. g4 c5 11. g5 Nh5 12. Bd5 Rb8 13. f4 e6 14. Bc6 Bb7 15. Bxb7
Rxb7 16. Qd2 b4 17. axb4 Rxb4 18. O-O Qb6 19. Na4 Qb5 20. Nac3 Qb6 21. e5 Rd8
22. Rfd1 Bf8 23. Na4 Qc6 24. b3 Ng7 25. Ng3 Be7 26. exd6 Qxd6 27. dxc5 Qb8 28.
Qf2 Qc7 29. Rd3 Rc8 30. Rad1 Nb8 31. Nb6 Re8 32. c4 Kf8 33. Ne4 Qc6 34. Ng3 Kg8
35. Bd4 Rd8 36. Na4 Rb7 37. Bxg7 Rxd3 38. Rxd3 Kxg7 39. Qd4+ Kg8 40. Ne4 Nd7
41. Nf6+ Nxf6 42. gxf6 Bf8 43. Qd8 Rc7 44. Rd6 Rc8 45. Rxc6 1-0

[Event "Schachfestival 2014 - Senioren"]
[Site "Woerishofen Bad"]
[Date "2014.03.25"]
[Round "5.9"]
[White "Plischke, Berthold"]
[Black "Lange, Manfred"]
[Result "1/2-1/2"]
[WhiteElo "2028"]
[BlackElo "2089"]
[PlyCount "69"]
[EventDate "2014.03.21"]
[EventType "swiss"]
[EventCountry "GER"]
[WhiteTeam "Schachverein Wesel 1928 e.V."]
[BlackTeam "SV Würzburg von 1865 e.V."]
[WhiteTeamCountry "GER"]
[BlackTeamCountry "GER"]

1. e4 c5 2. Nf3 Nc6 3. d4 cxd4 4. Nxd4 e5 5. Nb5 a6 6. Nd6+ Bxd6 7. Qxd6 Qf6 8.
Qxf6 Nxf6 9. Nc3 d5 10. Nxd5 Nxd5 11. exd5 Nb4 12. Bd3 Nxd3+ 13. cxd3 Bf5 14.
f4 Rd8 15. fxe5 Rxd5 16. Bf4 Bxd3 17. Kf2 O-O 18. Rhd1 f6 19. exf6 Rxf6 20. Kg3
g5 21. Bd2 h5 22. h3 h4+ 23. Kh2 Rf2 24. Bc3 Be4 25. Rg1 Rd3 26. Raf1 Rdf3 27.
Re1 Bd5 28. Bd4 Rd2 29. Re5 Bc6 30. Rxg5+ Kf7 31. Bc3 Re2 32. Rg7+ Ke6 33. Re1
Rfe3 34. Rxe2 Rxe2 35. Kg1 1/2-1/2

[Event "Schachfestival 2014 - Senioren"]
[Site "Woerishofen Bad"]
[Date "2014.03.25"]
[Round "5.48"]
[White "Dombrowe, Eckehard"]
[Black "Buss, Richard"]
[Result "1-0"]
[WhiteElo "1828"]
[BlackElo "1628"]
[PlyCount "99"]
[EventDate "2014.03.21"]
[EventType "swiss"]
[EventCountry "GER"]
[WhiteTeam "Schachgemeinschaft Nettetal 1929"]
[BlackTeam "VfR Heisfelde e.V."]
[WhiteTeamCountry "GER"]
[BlackTeamCountry "GER"]

1. f4 d5 2. Nf3 Nc6 3. e3 Nf6 4. b3 e6 5. Bb5 Bd7 6. O-O a6 7. Bxc6 Bxc6 8. Ne5
Bb5 9. d3 Bd6 10. Bb2 O-O 11. Nd2 c5 12. a4 Be8 13. Qe1 Be7 14. Qe2 Rc8 15.
Rac1 b5 16. axb5 axb5 17. Ra1 Nd7 18. Ra6 Nxe5 19. Bxe5 f6 20. Bb2 Qd7 21. Rfa1
Bg6 22. Ra7 Rc7 23. R7a5 Kf7 24. Qe1 Rfc8 25. e4 dxe4 26. Nxe4 b4 27. Nd2 Bd8
28. Nc4 Rb7 29. Ra6 Rc6 30. Ra8 Be7 31. Na5 Rcc7 32. Nxb7 Rxb7 33. Bc1 Bf5 34.
Be3 h5 35. Qf2 Kg6 36. Bxc5 Bxc5 37. Qxc5 Rc7 38. Qf2 Qc6 39. R1a2 Bxd3 40.
Qg3+ Kh6 41. Qxd3 f5 42. h3 Rd7 43. Qe2 g6 44. Rh8+ Rh7 45. Rxh7+ Kxh7 46. Ra6
Qc5+ 47. Kh1 Qd4 48. Rxe6 Qxf4 49. Re7+ Kh6 50. Qe3 1-0

[Event "Schachfestival 2014 - Senioren"]
[Site "Woerishofen Bad"]
[Date "2014.03.25"]
[Round "5.46"]
[White "Klimpel, Siegfried"]
[Black "Aust, Werner"]
[Result "1-0"]
[WhiteElo "1860"]
[BlackElo "1725"]
[PlyCount "69"]
[EventDate "2014.03.21"]
[EventType "swiss"]
[EventCountry "GER"]
[WhiteTeam "TSV Kareth-Lappersdorf"]
[BlackTeam "Schachverein Eichlinghofen 1935"]
[WhiteTeamCountry "GER"]
[BlackTeamCountry "GER"]

1. e4 c5 2. d4 cxd4 3. c3 d5 4. Bb5+ Bd7 5. Bd3 e5 6. exd5 Nf6 7. Nf3 dxc3 8.
O-O Bd6 9. Nxc3 O-O 10. Ng5 Qe7 11. Nge4 h6 12. Nxf6+ Qxf6 13. Ne4 Qe7 14. Be3
f5 15. Nxd6 Qxd6 16. Rc1 b6 17. f4 e4 18. Be2 Be8 19. Rc8 Bf7 20. Qc1 Nd7 21.
Rc6 Qb8 22. Rd1 Rd8 23. Bd4 a5 24. Bc4 b5 25. Be2 Kh7 26. d6 a4 27. Qc3 Rg8 28.
Rc7 Be6 29. a3 Ra6 30. Qb4 Ra8 31. Qxb5 Qe8 32. Rdc1 Rb8 33. Qxa4 Nb6 34. Qxe8
Rgxe8 35. Rxg7+ 1-0

[Event "Schachfestival 2014 - Senioren"]
[Site "Woerishofen Bad"]
[Date "2014.03.25"]
[Round "5.29"]
[White "Hommann, Horst"]
[Black "Smits, Oswald"]
[Result "0-1"]
[WhiteElo "1843"]
[BlackElo "1925"]
[PlyCount "136"]
[EventDate "2014.03.21"]
[EventType "swiss"]
[EventCountry "GER"]
[WhiteTeam "WSG Halle-Neustadt"]
[BlackTeam "Sfr. Taunus Königstein/Schwalbach"]
[WhiteTeamCountry "GER"]
[BlackTeamCountry "GER"]

1. c4 c5 2. Nc3 Nc6 3. Nf3 Nf6 4. d4 cxd4 5. Nxd4 a6 6. Nxc6 bxc6 7. g3 e6 8.
Bg2 Bc5 9. e3 O-O 10. O-O Rb8 11. Qc2 Ba7 12. b3 d5 13. Ba3 Re8 14. c5 Nd7 15.
Na4 Qf6 16. Bb2 Qe7 17. Qc3 f6 18. b4 Ne5 19. Rad1 Rb5 20. Rfe1 Qb7 21. a3 Qb8
22. Bc1 Qc7 23. e4 Qd8 24. Bf1 Rb8 25. Bf4 d4 26. Qb3 g5 27. Bxe5 fxe5 28. Qc2
Rf8 29. Bg2 Rb7 30. Nb2 Rbf7 31. Rd2 a5 32. Nc4 Bb8 33. Nxa5 Qd7 34. f3 Ba6 35.
Nc4 Bc7 36. Qd3 Ra8 37. Ra1 Bb5 38. Qc2 Rff8 39. a4 Ba6 40. a5 Rad8 41. Ra3 Rf6
42. Rad3 Rb8 43. Rb3 Rd8 44. Rbd3 Qc8 45. Rb3 Bb5 46. Ra3 Qa6 47. Bf1 Rdf8 48.
Rf2 Qb7 49. Nb6 Bxf1 50. Kxf1 Rd8 51. Qc4 Qa7 52. Raa2 d3 53. Rad2 Rd4 54. Qc3
Qa6 55. Kg2 Rf8 56. Qb3 Kf7 57. Rb2 Ke7 58. Rfd2 Rfd8 59. Rb1 g4 60. Rbd1 Qb5
61. Rb1 Rf8 62. Qa4 gxf3+ 63. Kf2 Qxa4 64. Nxa4 Rxe4 65. Rxd3 Re2+ 66. Kf1 e4
67. Rdd1 Rxh2 68. Re1 Bxg3 0-1

[Event "Schachfestival 2014 - Senioren"]
[Site "Woerishofen Bad"]
[Date "2014.03.25"]
[Round "5.43"]
[White "Wagner, Gerhard"]
[Black "Rueggeberg, Wilhelm"]
[Result "1/2-1/2"]
[WhiteElo "1795"]
[BlackElo "1882"]
[PlyCount "103"]
[EventDate "2014.03.21"]
[EventType "swiss"]
[EventCountry "GER"]
[WhiteTeam "Sportfr.Windach e.V.1923"]
[BlackTeam "Sfr.Saarburg-Trier"]
[WhiteTeamCountry "GER"]
[BlackTeamCountry "GER"]

1. e4 c5 2. d4 cxd4 3. c3 d5 4. exd5 Qxd5 5. cxd4 Nf6 6. Nc3 Qd8 7. Bc4 e6 8.
Nf3 Be7 9. O-O O-O 10. Qe2 Nc6 11. Rd1 Nd5 12. a3 Bf6 13. Bd3 Nce7 14. Ne5 Ng6
15. Qe4 Nde7 16. h4 Bxh4 17. g3 Bf6 18. Ne2 Qd5 19. Nxg6 hxg6 20. Bf4 Qxe4 21.
Bxe4 Nd5 22. Bd2 Bd7 23. f3 Bc6 24. Kf2 Rac8 25. Rh1 Be7 26. Rae1 f5 27. Bb1
Bf6 28. Ba2 Kf7 29. Kg2 Rce8 30. Bb3 Rh8 31. Ba2 g5 32. Bb3 g4 33. Rxh8 gxf3+
34. Kxf3 Rxh8 35. Kf2 g5 36. Ba2 g4 37. Kg1 Rh3 38. Kf2 Nc7 39. Bc3 Bg5 40. Nf4
Rh2+ 41. Kf1 Rh1+ 42. Kf2 Rxe1 43. Kxe1 Bxf4 44. gxf4 Nd5 45. Bd2 Ne7 46. Kf2
Bd5 47. Bb1 Nc8 48. Bc2 Nd6 49. Kg3 Kg6 50. Bd3 Bc4 51. Bb4 Bxd3 52. Bxd6
1/2-1/2

[Event "Schachfestival 2014 - Senioren"]
[Site "Woerishofen Bad"]
[Date "2014.03.25"]
[Round "5.23"]
[White "Aigner, Georg"]
[Black "Oud, Niek"]
[Result "1-0"]
[WhiteElo "1894"]
[BlackElo "2000"]
[PlyCount "101"]
[EventDate "2014.03.21"]
[EventType "swiss"]
[EventCountry "GER"]
[WhiteTeam "TSV Dietfurt/Altm. e.V."]
[BlackTeam "VAS"]
[WhiteTeamCountry "AUT"]
[BlackTeamCountry "NED"]

1. e4 c5 2. Nf3 Nc6 3. d4 cxd4 4. Nxd4 Nf6 5. Nc3 d6 6. f3 e6 7. Be3 Be7 8. Bb5
Bd7 9. O-O O-O 10. Nxc6 Bxc6 11. Qd3 Qa5 12. a3 a6 13. b4 Bxb5 14. bxa5 Bxd3
15. cxd3 Rac8 16. Na4 d5 17. Rfb1 dxe4 18. dxe4 Rc7 19. Rb3 Re8 20. Rab1 Rc4
21. Nb2 Rc2 22. Nd3 h6 23. Rxb7 Rc3 24. R1b3 Rxb3 25. Rxb3 Nd7 26. Rb7 Nb8 27.
Bc5 Bxc5+ 28. Nxc5 Rc8 29. Nd7 Nc6 30. Rb6 Nxa5 31. Rxa6 Nc4 32. Nb6 Nxb6 33.
Rxb6 Rc2 34. h4 Ra2 35. Ra6 e5 36. h5 Kf8 37. Ra7 g6 38. hxg6 fxg6 39. Kh2 g5
40. Rh7 Rxa3 41. Rxh6 Kg7 42. Re6 Ra5 43. Kg3 Kf7 44. Rd6 Ra2 45. Kh3 Rf2 46.
Ra6 Rd2 47. g3 Rf2 48. Kg4 Rf1 49. Rh6 Kg7 50. Rh5 Kf6 51. Rh8 1-0

[Event "Schachfestival 2014 - Senioren"]
[Site "Woerishofen Bad"]
[Date "2014.03.25"]
[Round "5.40"]
[White "Krase, Peter Axel"]
[Black "Flockerzi, Armin"]
[Result "1/2-1/2"]
[WhiteElo "1927"]
[BlackElo "1815"]
[PlyCount "120"]
[EventDate "2014.03.21"]
[EventType "swiss"]
[EventCountry "GER"]
[WhiteTeam "TSV Kareth-Lappersdorf"]
[BlackTeam "VfR-SC Koblenz"]
[WhiteTeamCountry "GER"]
[BlackTeamCountry "GER"]

1. d4 d5 2. Nc3 Nf6 3. Bg5 Nbd7 4. Nf3 e6 5. e3 Bb4 6. a3 Bxc3+ 7. bxc3 c6 8.
Bd3 h6 9. Bh4 Qa5 10. O-O Qxc3 11. Bxf6 Nxf6 12. Ne5 Nd7 13. Qh5 Nxe5 14. Qxe5
O-O 15. a4 Qa5 16. Rfb1 Qd8 17. c4 f6 18. Qh5 dxc4 19. Bxc4 f5 20. a5 Rb8 21.
Qg6 Qe7 22. Rb2 Bd7 23. Rab1 Bc8 24. Qg3 Ra8 25. Qe5 Kh8 26. Bd3 Qf6 27. Qc5
Qf7 28. a6 b6 29. Qxc6 Bd7 30. Qd6 Rfc8 31. Rc2 Rxc2 32. Bxc2 Qe8 33. Bd3 Rc8
34. Qa3 Rc7 35. Rc1 Rxc1+ 36. Qxc1 Bb5 37. Bxb5 Qxb5 38. Qc8+ Kh7 39. h3 Qb1+
40. Kh2 b5 41. Qb7 b4 42. Qxa7 b3 43. Qb7 b2 44. a7 Qa2 45. a8=Q Qxa8 46. Qxb2
Qd5 47. Qb8 Qe4 48. Qc7 Kg6 49. Qf4 Qd5 50. g4 h5 51. Qg3 hxg4 52. hxg4 Kf7 53.
gxf5 exf5 54. Qe5 Qf3 55. Qg3 Qe4 56. Qf4 Qxf4+ 57. exf4 Ke6 58. Kg3 Kd5 59.
Kh4 Kxd4 60. Kg5 Ke4 1/2-1/2

[Event "Schachfestival 2014 - Senioren"]
[Site "Woerishofen Bad"]
[Date "2014.03.25"]
[Round "5.19"]
[White "Blutharsch, Walter"]
[Black "Spurga, Josef"]
[Result "1/2-1/2"]
[WhiteElo "1882"]
[BlackElo "2008"]
[PlyCount "45"]
[EventDate "2014.03.21"]
[EventType "swiss"]
[EventCountry "GER"]
[WhiteTeam "VfL Sindelfingen"]
[BlackTeam "VfL Sindelfingen"]
[WhiteTeamCountry "GER"]
[BlackTeamCountry "GER"]

1. d4 Nf6 2. Nf3 g6 3. c4 Bg7 4. Nc3 O-O 5. Bg5 h6 6. Bf4 d6 7. Qd2 Kh7 8. h3
c6 9. g4 Ng8 10. O-O-O Qa5 11. e4 a6 12. e5 dxe5 13. dxe5 b5 14. Kb1 Be6 15.
Ne4 Qxd2 16. Rxd2 bxc4 17. Be2 Bd5 18. Nc5 e6 19. Rc1 Ne7 20. Ne1 Rc8 21. Bxc4
Bxc4 22. Rxc4 Nd5 23. Bg3 1/2-1/2

[Event "Schachfestival 2014 - Senioren"]
[Site "Woerishofen Bad"]
[Date "2014.03.26"]
[Round "6.10"]
[White "Di Lazzaro, Gabriele"]
[Black "Hein, Manfred"]
[Result "0-1"]
[WhiteElo "1936"]
[BlackElo "2064"]
[PlyCount "88"]
[EventDate "2014.03.21"]
[EventType "swiss"]
[EventCountry "GER"]
[BlackTeam "FC Gunzenhausen 1910 e.V"]
[BlackTeamCountry "GER"]

1. d4 d5 2. Nc3 Nf6 3. Bg5 c6 4. Nf3 Nbd7 5. Qd3 h6 6. Bh4 e6 7. e4 dxe4 8.
Nxe4 Be7 9. Nxf6+ Bxf6 10. Bxf6 Nxf6 11. g3 Qa5+ 12. c3 Bd7 13. Bg2 Rd8 14. b4
Qc7 15. O-O O-O 16. Rfe1 Bc8 17. Ne5 Nd7 18. Nxd7 Rxd7 19. Qe3 b6 20. Re2 Ba6
21. Rd2 Bc4 22. Rad1 Rfd8 23. Bh3 Bb5 24. f4 Bc4 25. f5 exf5 26. Bxf5 Re7 27.
Qf2 Rde8 28. Bg4 Re3 29. Rc1 Qe7 30. Rcc2 Re1+ 31. Kg2 Bf1+ 32. Qxf1 Rxf1 33.
Kxf1 Qe4 34. h3 Qh1+ 35. Kf2 Re1 36. Re2 Qg1+ 37. Kf3 Rf1+ 38. Rf2 Qh1+ 39. Ke3
Qg1 40. Bf3 Re1+ 41. Kf4 Re6 42. g4 g5+ 43. Kf5 Qg3 44. Bg2 Qd3+ 0-1

[Event "Schachfestival 2014 - Senioren"]
[Site "Woerishofen Bad"]
[Date "2014.03.26"]
[Round "6.24"]
[White "Jaeger, Erich"]
[Black "Goris Schouwstra, Adri"]
[Result "1/2-1/2"]
[WhiteElo "1963"]
[BlackElo "1886"]
[PlyCount "61"]
[EventDate "2014.03.21"]
[EventType "swiss"]
[EventCountry "GER"]
[WhiteTeam "PTSV Neustadt"]
[WhiteTeamCountry "GER"]

1. Nf3 d5 2. g3 c5 3. Bg2 Nc6 4. c4 d4 5. d3 Nf6 6. O-O e5 7. e4 h6 8. Na3 a6
9. Rb1 Bd6 10. Nh4 g6 11. Qe2 Bg4 12. f3 Be6 13. Bd2 Qd7 14. f4 Bg4 15. Qf2 Bh3
16. fxe5 Bxe5 17. Bf4 Bxg2 18. Nxg2 Ng4 19. Qf3 Bg7 20. Nc2 Nge5 21. Qe2 O-O
22. b4 b6 23. Rb2 Nxc4 24. Rb3 N4e5 25. Na3 cxb4 26. Bxe5 Bxe5 27. Nc4 Bc7 28.
Nf4 b5 29. Nd5 Qd8 30. Nd2 a5 31. Rc1 1/2-1/2

[Event "Schachfestival 2014 - Senioren"]
[Site "Woerishofen Bad"]
[Date "2014.03.26"]
[Round "6.55"]
[White "Stratmann, Dietrich"]
[Black "Kuhn, Hans"]
[Result "1-0"]
[WhiteElo "1697"]
[BlackElo "1561"]
[PlyCount "67"]
[EventDate "2014.03.21"]
[EventType "swiss"]
[EventCountry "GER"]
[WhiteTeam "SC Schwarz-Weiss Northeim"]
[WhiteTeamCountry "GER"]

1. d4 d5 2. Nf3 Nf6 3. e3 e6 4. Bd3 Be7 5. Nbd2 O-O 6. O-O Nbd7 7. Ne5 Bd6 8.
f4 c5 9. b3 cxd4 10. exd4 Bxe5 11. fxe5 Ne8 12. Ba3 f5 13. Bxf8 Nxf8 14. Qh5
Qe7 15. c3 g6 16. Qh6 Bd7 17. h4 a6 18. Nf3 Ng7 19. Qg5 Qf7 20. Qd2 Rc8 21. c4
dxc4 22. Bxc4 Bc6 23. Rac1 Rc7 24. Ng5 Qe7 25. Nf3 Nd7 26. Qg5 Qxg5 27. Nxg5
Nf8 28. d5 exd5 29. Bxd5+ Kh8 30. Nf7+ Kg8 31. Nh6+ Kh8 32. Bxc6 bxc6 33. g4
Nfe6 34. gxf5 1-0

[Event "Schachfestival 2014 - Senioren"]
[Site "Woerishofen Bad"]
[Date "2014.03.26"]
[Round "6.13"]
[White "Villing, Dieter"]
[Black "Young, Melvyn Jack"]
[Result "0-1"]
[WhiteElo "2117"]
[BlackElo "1917"]
[PlyCount "86"]
[EventDate "2014.03.21"]
[EventType "swiss"]
[EventCountry "GER"]
[WhiteTeam "SK 1962 Ladenburg"]
[WhiteTeamCountry "GER"]

1. e4 c5 2. Nf3 d6 3. Bb5+ Nc6 4. O-O Bd7 5. Re1 a6 6. Bf1 Nf6 7. c3 Qc7 8. d4
cxd4 9. cxd4 Bg4 10. Nc3 e6 11. Bg5 Be7 12. Rc1 Qa5 13. e5 dxe5 14. dxe5 Rd8
15. Qb3 Bxf3 16. Bxf6 gxf6 17. gxf3 Nxe5 18. Qxb7 Rg8+ 19. Kh1 Qb4 20. Qxb4
Bxb4 21. Bxa6 Nxf3 22. Re3 Ne5 23. Be2 Ke7 24. Rg1 Bc5 25. Rxg8 Rxg8 26. Rg3
Rb8 27. Nd1 Ng6 28. a3 Nf4 29. Bc4 Rd8 30. Ne3 Rd2 31. b4 Ba7 32. Rf3 Bb8 33.
Nf1 Rc2 34. Ba6 e5 35. Rb3 Rxf2 36. a4 e4 37. Re3 f5 38. Ng3 Kf6 39. Be2 Ba7
40. Rb3 Nxe2 41. Nxe2 Rxe2 42. b5 Ra2 43. b6 Bb8 0-1

[Event "Schachfestival 2014 - Senioren"]
[Site "Woerishofen Bad"]
[Date "2014.03.26"]
[Round "6.57"]
[White "Eigenmann, Christina"]
[Black "Thiel, Harry"]
[Result "0-1"]
[WhiteElo "1809"]
[BlackElo "1752"]
[PlyCount "104"]
[EventDate "2014.03.21"]
[EventType "swiss"]
[EventCountry "GER"]
[BlackTeam "Schachpinguine Berlin e.V."]
[BlackTeamCountry "GER"]

1. d4 Nf6 2. c4 c5 3. d5 b5 4. cxb5 a6 5. f3 axb5 6. e4 Qb6 7. Be3 d6 8. Nc3
Qa5 9. Kf2 b4 10. Nb1 g6 11. Nd2 Bg7 12. Nc4 Qc7 13. Qd2 h6 14. Bd3 g5 15. h3
Nbd7 16. Ne2 Nb6 17. a3 Nxc4 18. Bxc4 bxa3 19. Rxa3 Rxa3 20. bxa3 O-O 21. a4
Nd7 22. Ng3 Kh7 23. Nf5 Ne5 24. Nxg7 Nxc4 25. Qc3 Nxe3 26. Kxe3 e6 27. Nh5 f5
28. g4 Qf7 29. gxf5 exf5 30. e5 Qxh5 31. exd6 Re8+ 32. Kd2 Qf7 33. Qxc5 Bb7 34.
Rc1 Qxd5+ 35. Qxd5 Bxd5 36. d7 Rd8 37. Rc7 Bxf3 38. Ke3 Be4 39. a5 Kg6 40. a6
Kf7 41. a7 Ke6 42. Rc8 Kxd7 43. Rxd8+ Kxd8 44. Kd4 Kc7 45. Ke5 Kb7 46. h4 g4
47. h5 Kxa7 48. Kf4 Kb7 49. Kg3 Kc7 50. Kf4 Kd6 51. Kg3 Ke5 52. Kh4 Kf6 0-1

[Event "Schachfestival 2014 - Senioren"]
[Site "Woerishofen Bad"]
[Date "2014.03.26"]
[Round "6.15"]
[White "Smits, Oswald"]
[Black "Boettcher, Ulrich"]
[Result "0-1"]
[WhiteElo "1925"]
[BlackElo "2078"]
[PlyCount "82"]
[EventDate "2014.03.21"]
[EventType "swiss"]
[EventCountry "GER"]
[WhiteTeam "Sfr. Taunus Königstein/Schwalbach"]
[WhiteTeamCountry "GER"]

1. d4 c5 2. e3 Nf6 3. Bd3 d5 4. c3 e6 5. Nf3 Nc6 6. O-O Bd6 7. dxc5 Bxc5 8.
Nbd2 O-O 9. e4 dxe4 10. Nxe4 Be7 11. Qc2 h6 12. Bf4 Nd5 13. Bd2 b6 14. Rad1 Qc7
15. a3 Bb7 16. Ng3 Nf4 17. Be3 Nxd3 18. Rxd3 Ba6 19. c4 Na5 20. Nd2 b5 21. Rc1
bxc4 22. b4 Qb7 23. Rd4 Nc6 24. Re4 f5 25. Rxe6 Qd7 26. Rxe7 Nxe7 27. Bc5 Rad8
28. Bxe7 Qxe7 29. Nf3 f4 30. Re1 Qf6 31. Ne4 Qf5 32. h3 Rfe8 33. Nh4 Qf7 34.
Nf3 Bb7 35. Ned2 Rxe1+ 36. Nxe1 Qd5 37. Nef3 Rc8 38. Qc3 Qd3 39. Qe5 c3 40.
Qe6+ Kh8 41. Ne5 cxd2 0-1

[Event "Schachfestival 2014 - Senioren"]
[Site "Woerishofen Bad"]
[Date "2014.03.26"]
[Round "6.25"]
[White "Boldt, Heinrich"]
[Black "Mombelli, Antonio"]
[Result "1/2-1/2"]
[WhiteElo "1922"]
[BlackElo "1806"]
[PlyCount "120"]
[EventDate "2014.03.21"]
[EventType "swiss"]
[EventCountry "GER"]
[WhiteTeam "TSV Kareth-Lappersdorf"]
[WhiteTeamCountry "GER"]

1. Nf3 d5 2. d4 Nf6 3. g3 e6 4. Bg2 Be7 5. Bf4 c6 6. Nbd2 Nbd7 7. Ne5 Nxe5 8.
Bxe5 Bd6 9. f4 Bxe5 10. fxe5 Ng4 11. Bf3 Ne3 12. Qc1 Nf5 13. c3 O-O 14. Nb3 b6
15. Qf4 Ba6 16. e4 Ne7 17. Kf2 Rc8 18. Rhd1 Qc7 19. Qh4 Ng6 20. Qh3 Rce8 21.
Nd2 f6 22. exf6 Rxf6 23. e5 Rff8 24. Kg2 Nh8 25. Bg4 Qe7 26. Kg1 Nf7 27. Qg2
Nh6 28. Be2 Bxe2 29. Qxe2 Rf7 30. Rf1 Ref8 31. Rxf7 Rxf7 32. Nf3 Nf5 33. Rf1 h6
34. Kg2 g6 35. Qe1 Qf8 36. g4 Ne7 37. Nd2 Rxf1 38. Qxf1 Qxf1+ 39. Kxf1 g5 40.
Kf2 Kf7 41. Nf1 Ng6 42. Ng3 Nf4 43. Ke3 Ke7 44. b4 a6 45. a4 Ng6 46. Nh5 Nh8
47. Nf6 Nf7 48. Kf3 b5 49. a5 Kd8 50. Kg3 Ke7 51. Kf3 Kd8 52. Nh5 Ke7 53. Ng3
Nd8 54. Ne2 Kf7 55. Ng3 Ke7 56. Nh5 Nf7 57. Nf6 Kd8 58. Kg3 Ke7 59. h4 Kd8 60.
Ng8 Ke8 1/2-1/2

[Event "Schachfestival 2014 - Senioren"]
[Site "Woerishofen Bad"]
[Date "2014.03.26"]
[Round "6.26"]
[White "Klimpel, Siegfried"]
[Black "Ziltener, Werner"]
[Result "0-1"]
[WhiteElo "1860"]
[BlackElo "2005"]
[PlyCount "68"]
[EventDate "2014.03.21"]
[EventType "swiss"]
[EventCountry "GER"]
[WhiteTeam "TSV Kareth-Lappersdorf"]
[WhiteTeamCountry "GER"]

1. e4 d6 2. d4 Nf6 3. Nc3 c6 4. f4 Qa5 5. Bd3 Bg4 6. Nf3 Nbd7 7. h3 Bxf3 8.
gxf3 e5 9. Be3 Qb4 10. dxe5 dxe5 11. Qd2 Bc5 12. Bxc5 Qxc5 13. O-O-O O-O-O 14.
Na4 Qe7 15. Qa5 Kb8 16. Rhg1 g6 17. fxe5 Qxe5 18. Qxe5+ Nxe5 19. Be2 Nh5 20.
Nc3 Nf4 21. Rg3 Rxd1+ 22. Bxd1 Rd8 23. Ne2 Nh5 24. Rg1 Nxf3 25. Rf1 Ne5 26. h4
Rd6 27. c3 Kc7 28. Bb3 Rf6 29. Rxf6 Nxf6 30. Ng3 Kd6 31. Bd1 Nd3+ 32. Kd2 Nf2
33. h5 Nxd1 34. hxg6 hxg6 0-1

[Event "Schachfestival 2014 - Senioren"]
[Site "Woerishofen Bad"]
[Date "2014.03.26"]
[Round "6.39"]
[White "Wawrinsky, Ludwig"]
[Black "Neumann, Erwin"]
[Result "1/2-1/2"]
[WhiteElo "1817"]
[BlackElo "1932"]
[PlyCount "34"]
[EventDate "2014.03.21"]
[EventType "swiss"]
[EventCountry "GER"]
[WhiteTeam "1.Schachklub Neuperlach e.V."]
[BlackTeam "SK Schwäbisch Hall"]
[WhiteTeamCountry "GER"]
[BlackTeamCountry "GER"]

1. e4 c6 2. d3 e5 3. f4 exf4 4. Bxf4 Qf6 5. Qc1 Bd6 6. Bxd6 Qxd6 7. Nf3 Ne7 8.
g3 O-O 9. Bg2 Qb4+ 10. c3 Qb6 11. Na3 d5 12. exd5 Nxd5 13. d4 Re8+ 14. Kf2 Bf5
15. Re1 Nd7 16. Qd2 N7f6 17. Ne5 Rxe5 1/2-1/2

[Event "Schachfestival 2014 - Senioren"]
[Site "Woerishofen Bad"]
[Date "2014.03.26"]
[Round "6.17"]
[White "Zwetz, Anita"]
[Black "Klempt, Guenter"]
[Result "1-0"]
[WhiteElo "1897"]
[BlackElo "2052"]
[PlyCount "83"]
[EventDate "2014.03.21"]
[EventType "swiss"]
[EventCountry "GER"]
[WhiteTeam "TSV Kareth-Lappersdorf"]
[BlackTeam "Bochumer Schachverein 02"]
[WhiteTeamCountry "GER"]
[BlackTeamCountry "GER"]

1. d4 Nf6 2. Bg5 e6 3. Nf3 d5 4. e3 Be7 5. Bd3 O-O 6. Nbd2 b6 7. Qe2 c5 8. c3
Nc6 9. h4 c4 10. Bc2 b5 11. a3 a5 12. e4 h6 13. e5 Nh7 14. Ne4 f5 15. exf6 Nxf6
16. Nxf6+ Bxf6 17. Be3 e5 18. dxe5 Nxe5 19. Nxe5 Bxe5 20. O-O-O Bf6 21. Qh5 Be6
22. Qg6 Qc7 23. Bxh6 b4 24. Qh7+ Kf7 25. Bg6+ Ke7 26. Bxg7 Bxg7 27. Qxg7+ Kd6
28. Qxc7+ Kxc7 29. Rhe1 Kd6 30. f3 bxa3 31. bxa3 Rab8 32. Bc2 Rg8 33. Re2 Rg3
34. Rde1 Bd7 35. h5 Rbg8 36. Bg6 Rb8 37. Bc2 Rh8 38. Rh1 Rh6 39. Kd2 Be6 40.
Ke3 Ke5 41. Kf2+ Kf4 42. Rh4+ 1-0

[Event "Schachfestival 2014 - Senioren"]
[Site "Woerishofen Bad"]
[Date "2014.03.26"]
[Round "6.52"]
[White "Breidenbach, Heinz"]
[Black "Bartlitz, Heinz"]
[Result "1/2-1/2"]
[WhiteElo "1503"]
[BlackElo "1750"]
[PlyCount "39"]
[EventDate "2014.03.21"]
[EventType "swiss"]
[EventCountry "GER"]
[WhiteTeam "Scacchistica milanese"]
[BlackTeam "Bramfelder SK 1947 e.V."]
[WhiteTeamCountry "ITA"]
[BlackTeamCountry "GER"]

1. d4 d6 2. Nf3 g6 3. c3 Bg7 4. h3 a6 5. Qc2 b5 6. Bf4 Nd7 7. e3 Ngf6 8. Bd3
Bb7 9. Nbd2 O-O 10. O-O Rc8 11. a4 c5 12. axb5 axb5 13. Bxb5 cxd4 14. exd4 Nd5
15. Bh2 Nb4 16. Qb3 Nc6 17. Qc2 e5 18. Bxc6 Bxc6 19. dxe5 dxe5 20. Rfe1 1/2-1/2

[Event "Schachfestival 2014 - Senioren"]
[Site "Woerishofen Bad"]
[Date "2014.03.26"]
[Round "6.29"]
[White "Mircoli, Filippo"]
[Black "Thieme, Wolfgang"]
[Result "0-1"]
[WhiteElo "1674"]
[BlackElo "1911"]
[PlyCount "60"]
[EventDate "2014.03.21"]
[EventType "swiss"]
[EventCountry "GER"]
[WhiteTeam "Castelfidardo"]
[BlackTeam "Schachclub Bayer Uerdingen 1923"]
[WhiteTeamCountry "ITA"]
[BlackTeamCountry "GER"]

1. e4 c5 2. Nf3 e6 3. d4 cxd4 4. Nxd4 Bc5 5. Nb3 Bb6 6. c4 Ne7 7. Nc3 O-O 8.
Bd3 f5 9. c5 Bc7 10. Bg5 h6 11. Be3 f4 12. Bd4 e5 13. Nd5 Nxd5 14. Bxe5 Bxe5
15. Bc4 Qf6 16. Bxd5+ Kh8 17. Qc2 Bxb2 18. Rb1 Qc3+ 19. Qxc3 Bxc3+ 20. Ke2 Nc6
21. Kd3 Be5 22. Nd2 Bc7 23. Nc4 Ne5+ 24. Nxe5 Bxe5 25. Bxb7 Rb8 26. Bxc8 Rfxc8
27. Kc4 Rxb1 28. Rxb1 d6 29. Rb7 Rxc5+ 30. Kd3 Rc3+ 0-1